书目信息 |
| 题名: |
刀口上的家族
|
|
| 作者: | 沈宁 著 | |
| 分册: | 下 | |
| 出版信息: | 北京 新星出版社 2008.05 |
|
| 页数: | 2册(834页) | |
| 开本: | 21cm | |
| 丛书名: | ||
| 单 册: | ||
| 中图分类: | K827=6 , I247.53 | |
| 科图分类: | ||
| 主题词: | 传记小说 , 传记小说--中国--现代 , 政治人物--生平事迹--中国--民国 , 政治人物 | |
| 电子资源: | ||
| ISBN: | 978-7-80225-476-3 | |
| 000 | 00981nam0 2200301 450 | |
| 001 | 1140151149 | |
| 005 | 20111208111022.15 | |
| 010 | @a978-7-80225-476-3@dCNY48.00 | |
| 090 | @aI247.53@bsn | |
| 096 | @aI247.53@bsn | |
| 100 | @a20080813d2008 em y0chiy50 ea | |
| 101 | 0 | @achi |
| 102 | @aCN@b110000 | |
| 105 | @aa z 000ad | |
| 200 | 1 | @a刀口上的家族@9dao kou shang de jia zu@b专著@e中国现代家族传奇史诗@h下@f沈宁著 |
| 210 | @a北京@c新星出版社@d2008.05 | |
| 215 | @a2册(834页)@c照片@d21cm | |
| 330 | @a本书真实的叙述了民国时期的陶希圣一生在贫穷中挣扎、初露锋芒的历程,以及后来的政治生涯。 | |
| 517 | 1 | @a中国现代家族传奇史诗@9zhong guo xian dai jia zu chuan qi shi shi |
| 606 | 0 | @a传记小说 |
| 606 | 0 | @a传记小说@y中国@z现代 |
| 606 | 0 | @a政治人物@x生平事迹@y中国@z民国 |
| 606 | 0 | @a政治人物 |
| 690 | @aK827=6@v4 | |
| 690 | @aI247.53@v4 | |
| 701 | 0 | @c(美)@a沈宁@f(1947~)@9shen ning@4著 |
| 801 | 0 | @aCN@b110120@c20080527 |
| 905 | @aZUCC@dI247.53@eS402:2 | |
| 刀口上的家族:中国现代家族传奇史诗.下/沈宁著.-北京:新星出版社,2008.05 |
| 2册(834页):照片;21cm |
| ISBN 978-7-80225-476-3:CNY48.00 |
| 本书真实的叙述了民国时期的陶希圣一生在贫穷中挣扎、初露锋芒的历程,以及后来的政治生涯。 |
| ● |
| 相关链接 |
|
|
|
正题名:刀口上的家族
索取号:I247.53/S402:2
 
预约/预借
| 序号 | 登录号 | 条形码 | 馆藏地/架位号 | 状态 | 备注 |
| 1 | 827021 | 208270217 | 文学库108/108文学库 44排2列4层/ [索取号:I247.53/S402:2] | 在馆 | |
| 2 | 827022 | 208270226 | 文学库108/108文学库 44排2列4层/ [索取号:I247.53/S402:2] | 在馆 | |
| 3 | 827023 | 208270235 | 社科二线422/422社科库 9排2列1层/ [索取号:I247.53/S402:2] | 在馆 |